000 00704nam a2200241Ia 4500
003 OSt
005 20220928131437.0
006 a|||||r|||| 00| 0
007 ta
008 220927b |||||||| |||| 00| 0 eng d
024 _a37739
037 _cReference Collections
040 _aSDCL
_cSDCL
_beng
041 _2eng
_aeng
082 _aD6,8(B)k, M3 RR
100 _aRalston Anthony Ed.
_9478149
245 0 _aEncyclopedia of computer science and engineering.
250 _a2
260 _aNew York
_b Van Nostrand Reinhold
_c1983
300 _axxix,1664p.
_ccm.
942 _hD6,8(B)k, M3 RR
_cREF
_2CC
999 _c790653
_d790653